000 00828nmm a2200265 a 4500
001 ocm000565579
003 TR-IsHL
005 20201028122510.0
008 131028s2011 tu tur
007 cr cn
020 _a9786056252150
035 _a565579
_b(N$T)
050 0 4 _aB745
_b.O58 2011
090 0 4 _aB745
_b.O58 2011
100 1 _aOnur, Hüdavendigar
245 1 0 _aS. Ahmet Arvasi kronolojisi
_h[electronic resource] /
_cHüdavendigar Onur
250 _a1. bs.
260 _aİstanbul :
_bBiyografi Net İletişim ve Yayıncılık,
_c2011
300 _a104 p.
650 4 _aSosyoloji
650 4 _aSociology
650 0 _aArvasi, Seyyid Ahmet, 1932-1988
650 7 _aPHILOSOPHY / General
_2bisacsh
856 4 0 _uhttp://search.ebscohost.com/login.aspx?direct=true&scope=site&db=e011xww&AN=565579
999 _c1900
_d1900